Statistisk arbok 1991 Nogres Offisielle Statistisk
Guardado en:
| Formato: | Libro |
|---|---|
| Lenguaje: | noruego |
| Publicado: |
Oslo
Statistisk sentralbyra
1991
|
| Etiquetas: |
Sin Etiquetas, Sea el primero en etiquetar este registro!
|
MARC
| LEADER | 00000nam a2200000 4500 | ||
|---|---|---|---|
| 001 | c022588 | ||
| 005 | 20250702113829.9 | ||
| 041 | 0 | |a nor | |
| 044 | |a NO | ||
| 245 | 1 | 0 | |a Statistisk arbok 1991 |b Nogres Offisielle Statistisk |
| 264 | 1 | |a Oslo |b Statistisk sentralbyra |c 1991 | |
| 300 | |a 496 s. | ||